000 00554nam a2200229Ia 4500
003 OSt
005 20220924132232.0
006 a|||||r|||| 00| 0
007 ta
008 220923b |||||||| |||| 00| 0 san d
024 _a38244
037 _cTextual
040 _aARTS
_cARTS
_bsan
041 _2san
_asan
082 _aO15:1x, G5
100 _aDuni Chandra
_9203998
245 0 _aKavya muktavali
260 _c1935
650 _aENGLISH LITERATURE
942 _hO15:1x, G5
_cTEXL
_2CC
999 _c429683
_d429683